00979nam a2200217 a 450000100100000000500170001000800410002704000250006808200220009310000390011524500580015425000120021226000360022430000210026049000460028170000540032783000530038195201850043495201250061999900170074400001647320240316073904.0100305s1974 dr r 000 0 spa d aDO-SdBNPbspacBNPHU axxxxbD542l, 19741 aDíaz Castillo, Bienvenido92252910aLecturas selectas /cprólogo Marcio Veloz Maggiolo. a4a. ed. aSanto Domingo :bCosmos,c1974. a201 p. ;c19 cm.1 aPublicaciones del economato universitario12aVeloz Maggiolo, Marcio,d1936-2021epról.91104 0aPublicaciones del economato universitario936685 0010718PDaPDbPDcHDd2010-03-05iLF1l0oxxxx D542l, 1974p16473-10r2020-06-25w2020-06-25yLFPDzPerteneció a la biblioteca personal de Germán Emilio Ornes.ZNo se presta 0010718PDaPDbPDcHDd2011-08-17iLF1l0oxxxx D542l, 1974p16473-20r2020-06-25te.2w2020-06-25yLFPDZNo se presta c16008d16008